书目信息 |
| 题名: |
现代公关语言艺术
|
|
| 作者: | 秦启文 著 | |
| 分册: | ||
| 出版信息: | 重庆 西南师范大学出版社 1997.04 |
|
| 页数: | 231页 | |
| 开本: | 32开 | |
| 丛书名: | ||
| 单 册: | ||
| 中图分类: | H019 | |
| 科图分类: | ||
| 主题词: | 语音学 | |
| 电子资源: | ||
| ISBN: | 7-5621-1621-0 | |
| 000 | 00544nam0 2200193 45 | |
| 001 | 0009302352 | |
| 005 | 20000930231135.2 | |
| 010 | @a7-5621-1621-0@d8.80元 | |
| 100 | @a20000930d1997 km y0chiy0120 ea | |
| 101 | 0 | @achi |
| 105 | @a z 000yy | |
| 200 | 1 | @a现代公关语言艺术@AXian Dai Gong Guan Yu Yan Yi Shu@f秦启文著@FQin Qi Wen Zhu |
| 210 | @a重庆@c西南师范大学出版社@d1997.04 | |
| 215 | @a231页@d32开 | |
| 606 | 0 | @a语音学 |
| 690 | @aH019@v3 | |
| 701 | 0 | @a秦启文@4著 |
| 801 | @aCN@bPftUser@c20000930 | |
| 905 | @b165747-751@dH019@eQ870@f5 | |
| 现代公关语言艺术/秦启文著.-重庆:西南师范大学出版社,1997.04 |
| 231页;32开 |
| ISBN 7-5621-1621-0:8.80元 |
| ● |
| 相关链接 |
|
|
|
正题名:现代公关语言艺术
索取号:H019/Q870
 
预约/预借
| 序号 | 登录号 | 条形码 | 馆藏地/架位号 | 状态 | 备注 |
| 1 | 165747 | 201657475 | 语言库209/209语言库 64排1列2层/ [索取号:H019/Q870] | 在馆 | |
| 2 | 165748 | 201657484 | 语言库209/209语言库 64排1列2层/ [索取号:H019/Q870] | 在馆 | |
| 3 | 165749 | 201657493 | 语言库209/209语言库 64排1列2层/ [索取号:H019/Q870] | 在馆 | |
| 4 | 165750 | 201657509 | 语言库209/209语言库 64排1列2层/ [索取号:H019/Q870] | 在馆 | |
| 5 | 165751 | 201657518 | 语言库209/209语言库 64排1列2层/ [索取号:H019/Q870] | 在馆 |